header

Coffee pests, diseases and their management (Record no. 115005)

MARC details
000 -LEADER
fixed length control field 02107nam a22003494a 4500
082 04 - DEWEY DECIMAL CLASSIFICATION NUMBER
Classification number 633.7/39
100 1# - MAIN ENTRY--AUTHOR NAME
Personal name Waller, J. M.
245 10 - TITLE STATEMENT
Title Coffee pests, diseases and their management
260 ## - PUBLICATION, DISTRIBUTION, ETC. (IMPRINT)
Place of publication Wallingford, UK ;
-- Cambridge, MA :
Name of publisher CABI Pub.,
Year of publication 2007.
300 ## - PHYSICAL DESCRIPTION
Number of Pages viii, 434 p., [8] p. of plates :
Other physical details ill. (some col.).
505 0# - FORMATTED CONTENTS NOTE
Formatted contents note Coffee as a crop and commodity -- The basics of the coffee crop -- World coffee production -- Insect pests and their management -- Stem- and branch-borers -- Berry-feeding insects -- Insects that feed on buds, leaves, green shoots and flowers -- Root- and collar-feeding insects -- Diseases and their management -- Foliage and shoot diseases -- Berry diseases -- Wilt diseases and diseases of the root and stem -- Nematodes -- Nutrient deficiencies and physiological diseases -- Integrated crop management -- Nursery management, transplantation and crop maintenance -- Shade management, conservation and biodiversity -- Postharvest and processing pests and microbial problems -- Integrated pest management and pest management technologies.
650 #0 - SUBJECT ADDED ENTRY--TOPICAL TERM
Topical Term Coffee
700 1# - ADDED ENTRY--PERSONAL NAME
Personal name Bigger, M.
Personal name Hillocks, R. J.
856 40 - ELECTRONIC LOCATION AND ACCESS
Uniform Resource Identifier http://site.ebrary.com/lib/rucke/Doc?id=10193765

No items available.

© 2026 Rongo University
Contact us: librarian | system librarian | Rongo university